000 00482cam a22002051 4500
001 sa 67006986
003 DLC
005 20260227112411.0
008 890621s1966 ii 000 0 beno
010 _asa 67006986
035 _a(OCoLC)19906556
040 _aDLC
_cWaU
_dDLC
042 _apremarc
050 0 0 _aPK1718.B6
_bT3
100 1 _aBose, Buddhadeva.
245 1 0 _aTapasvī o Taraṅgiṇī.
260 _c[1966]
300 _a100 p.
_c20 cm.
500 _aIn Bengali.
999 _c76270
_d76270